000
00240 a2200097 4500
001
30962
100
_a
Warden John A
245
_a
The Air campaign: Planning for combat v 42
260
_a
Lahore
_b
PAF Book Club
_c
090
_c
20877
_d
20877
942
_a
NUST-CAE
_c
M
_c
12088
999
_c
266035
_d
266035